000
00312nam a22001457a 4500
003
SGT
020
_a
81-7391-203-3
082
_a
070
_b
CHA
100
_a
CHAUHAN, SWATI
245
_a
FOUNDATIONS OF NEWS AND JOURNALISM
250
_a
3RD
260
_a
DELHI
_b
KANISHKA
_c
2011
300
_a
324
942
_2
ddc
_c
BK
999
_c
22064
_d
22064